Normal view
MARC view
Entry Término temático
001 - NÚMERO DE CONTROL
- campo de control: 158997
003 - IDENTIFICADOR DEL NÚMERO DE CONTROL
- campo de control: OSt
005 - FECHA Y HORA DE LA ÚLTIMA TRANSACCIÓN
- campo de control: 20220127160609.0
008 - DATOS DE LONGITUD FIJA
- campo de control de longitud fija: 220127|| aca||aabn | a|a d
040 ## - FUENTE DE LA CATALOGACIÓN
- Centro catalogador/agencia de origen: OSt
- Centro/agencia transcriptor: OSt
150 ## - ENCABEZAMIENTO--TÉRMINO DE MATERIA
- Término de materia o nombre geográfico como elemento de entrada: Almidón
- Subdivisión general: Industria
- Subdivisión general: México
- Subdivisión general: Jalisco
670 ## - FUENTE DE DATOS ENCONTRADOS
- Cita de la fuente: Work cat.: (OSt)176508: Flores Verduzco, Juan José 41784, Estudio técnico e ingenieril de una planta agroindustrial II : almidones y glucosa MIVE, S. A. de C. V. /, 1994
